Normal view MARC view
  • Supervisor: Dr Abdul Wahid

Entry Personal Name

Number of records used in: 6

001 - CONTROL NUMBER

  • control field: 96863

003 - CONTROL NUMBER IDENTIFIER

  • control field: NUST

005 - DATE AND TIME OF LATEST TRANSACTION

  • control field: 20220811125831.0

008 - FIXED-LENGTH DATA ELEMENTS

  • fixed length control field: 220811|| aca||aabn | a|a d

040 ## - CATALOGING SOURCE

  • Original cataloging agency: NUST
  • Transcribing agency: NUST

100 ## - HEADING--PERSONAL NAME

  • Personal name: Supervisor: Dr Abdul Wahid

670 ## - SOURCE DATA FOUND

  • Source citation: Work cat.: (NUST): Mughal, Fazeela 96861, Securing Networks Using Software Defined Networks And Machine Learning /
© 2023 Central Library, National University of Sciences and Technology. All Rights Reserved.